[Event "XII Torneo Internazionale"]
[Site "Salona-Spalato CRO"]
[Date "2004.12.07"]
[Round "5"]
[White "Kovacevic, Blazimir"]
[Black "Godena, Michele"]
[Result "1-0"]
[WhiteElo "2503"]
[BlackElo "2550"]
[PlyCount "149"]
[EventDate "2004.12.03"]

1.d4 d5 2.Bf4 e6 3.e3 c5 4.c3 Nc6 5.Nd2 Bd6 6.Bxd6 Qxd6 7.Qg4 Kf8 8.Ngf3 
Nh6 9.Qg3 Qxg3 10.hxg3 cxd4 11.exd4 Ng4 12.Bb5 Bd7 13.Nb3 b6 14.Rh4 Nf6 
15.Bd3 Ke7 16.Ne5 h6 17.Ke2 Rhc8 18.f4 Ne8 19.g4 f6 20.Nxd7 Kxd7 21.g5 
hxg5 22.fxg5 f5 23.Rh7 Ne7 24.Bb5+ Kd6 25.Nd2 Nc7 26.Bd3 Rg8 27.Nf3 Ng6 
28.Ke3 Rae8 29.g4 Nf8 30.Rh4 fxg4 31.Ne5 Nd7 32.Bg6 Rb8 33.Nxg4 Rh8 34.
Rah1 Rxh4 35.Rxh4 e5 36.Rh7 exd4+ 37.cxd4 Ne6 38.Bf7 Ndf8 39.Rh5 Rb7 40.g6
Re7 41.Ne5 Nd7 42.Nxd7 Rxd7 43.Rf5 Re7 44.Kd3 Nc7 45.Bg8 Re8 46.Bf7 Re7 
47.Rh5 Ne6 48.Rh4 Nd8 49.Rf4 Re1 50.Rf5 Ne6 51.Bxe6 Rxe6 52.Rf7 Rxg6 53.
Rxa7 Rg3+ 54.Kd2 g5 55.a4 g4 56.Rg7 Kc6 57.Rg6+ Kc7 58.Kc2 Rg1 59.Kc3 g3 
60.Kb4 Rd1 61.Rxg3 Rxd4+ 62.Kb5 Rd2 63.Rg7+ Kd6 64.b4 Rb2 65.Rg6+ Kc7 66.
Rc6+ Kd7 67.Rxb6 d4 68.Rg6 d3 69.Rg3 d2 70.Rd3+ Kc7 71.a5 Ra2 72.a6 Kc8 
73.Kb6 Rb2 74.b5 Ra2 75.a7 1-0

[Event "XII Torneo Internazionale"]
[Site "Salona-Spalato CRO"]
[Date "2004.12.09"]
[Round "6"]
[White "Cvorovic, Drazen"]
[Black "Godena, Michele"]
[Result "0-1"]
[WhiteElo "2441"]
[BlackElo "2550"]
[PlyCount "80"]
[EventDate "2004.12.03"]

1.e4 e5 2.Nf3 Nc6 3.Bb5 a6 4.Ba4 Nf6 5.O-O b5 6.Bb3 Bc5 7.Nxe5 Nxe5 8.d4 
Bxd4 9.Qxd4 d6 10.c3 c5 11.Qd1 O-O 12.f3 h6 13.Be3 Bb7 14.a4 Qc7 15.Rf2 c4
16.Bc2 d5 17.exd5 Nxd5 18.Bd4 Nf4 19.axb5 axb5 20.Rxa8 Rxa8 21.Na3 Bc6 22.
Qd2 Ned3 23.Rf1 Re8 24.Bd1 Qe7 25.Nc2 Qg5 26.Be3 Rxe3 27.Nxe3 Nd5 28.f4 
N3xf4 29.Rf3 Nxe3 30.Rg3 Qd5 31.Qxd5 Nexd5 32.Kf1 Nd3 33.Bc2 Nxb2 34.Ke1 
Na4 35.Bxa4 bxa4 36.Kd2 a3 37.Rf3 a2 38.Rf1 Ba4 39.Re1 Kf8 40.g3 Bb3 0-1

[Event "XII Torneo Internazionale"]
[Site "Salona-Spalato CRO"]
[Date "2004.12.10"]
[Round "7"]
[White "Godena, Michele"]
[Black "Saric, Ante"]
[Result "0-1"]
[WhiteElo "2550"]
[BlackElo "2437"]
[PlyCount "116"]
[EventDate "2004.12.03"]

1.e4 e5 2.Nf3 Nf6 3.Nc3 Nc6 4.d4 exd4 5.Nxd4 Bb4 6.Nxc6 bxc6 7.Bd3 d5 8.
exd5 cxd5 9.O-O O-O 10.Bg5 c6 11.Ne2 h6 12.Bh4 Be7 13.Nd4 Bd7 14.Re1 Rb8 
15.b3 c5 16.Nf5 Bxf5 17.Bxf5 Rb4 18.Bg3 Ne4 19.Bxe4 Rxe4 20.Rxe4 dxe4 21.
Be5 Bf6 22.Qxd8 Rxd8 23.Bxf6 gxf6 24.Kf1 Rd2 25.Rc1 Kg7 26.g3 Kg6 27.h3 
Kf5 28.Ke1 e3 29.fxe3 Rh2 30.Rd1 Rxc2 31.Rd7 Rc3 32.Kf2 Ke4 33.h4 a5 34.h5
f5 35.Rd6 Rc2+ 36.Kg1 Kf3 37.Rxh6 Rg2+ 38.Kf1 Rxa2 39.Kg1 Kxg3 40.Kf1 Kf3 
41.Kg1 Rg2+ 42.Kf1 Rb2 43.Kg1 Kxe3 44.Rc6 Kd4 45.Rd6+ Ke4 46.Rc6 Kd5 47.
Rf6 Rxb3 48.Rxf5+ Kd4 49.Rf4+ Kd5 50.Rf5+ Kc6 51.Rf6+ Kb5 52.Kg2 Rd3 53.h6
Rd8 54.h7 Rh8 55.Rxf7 a4 56.Kf3 a3 57.Ra7 Kc4 58.Rxa3 Rxh7 0-1

[Event "XII Torneo Internazionale"]
[Site "Salona-Spalato CRO"]
[Date "2004.12.11"]
[Round "8"]
[White "Brkic, Ante"]
[Black "Godena, Michele"]
[Result "1/2-1/2"]
[WhiteElo "2454"]
[BlackElo "2550"]
[PlyCount "90"]
[EventDate "2004.12.03"]

1.e4 e5 2.Nf3 Nc6 3.Bb5 Bc5 4.O-O Nf6 5.c3 O-O 6.d4 Bb6 7.dxe5 Nxe4 8.Qd5 
Nc5 9.Bf4 Ne7 10.Qd1 Ne6 11.Bg3 Nf5 12.Na3 Bc5 13.Nc2 d6 14.b4 Bb6 15.exd6
cxd6 16.Qd3 Qf6 17.Bc4 Bd7 18.Bd5 Rac8 19.c4 Bc6 20.Bxc6 Rxc6 21.b5 Rcc8 
22.Nb4 Nxg3 23.hxg3 Qg6 24.Qxg6 hxg6 25.Rac1 Nc7 26.Rfd1 Rfe8 27.Kf1 Kf8 
28.Ng1 Ba5 29.Nd3 d5 30.cxd5 Nxb5 31.Ne2 Nd6 32.Nc5 Bb4 33.Nb3 Rxc1 34.
Rxc1 Rc8 35.Rxc8+ Nxc8 36.Nf4 Ke7 37.Ke2 Nb6 38.Kd3 g5 39.Nh3 f6 40.Nd4 g6
41.g4 Nxd5 42.Ke4 Kd6 43.Nb5+ Ke6 44.Nxa7 Kd6 45.Nc8+ Ke6 1/2-1/2